Catálogo
Digital

Catálogo
Digital

Economía circular. Un enfoque práctico para transformar los modelos empresariales (Record no. 13476)

MARC details
000 -CABECERA
campo de control de longitud fija 02418nam a2200361 4500
003 - IDENTIFICADOR DEL NÚMERO DE CONTROL
campo de control EC-UNACH
005 - FECHA Y HORA DE LA ÚLTIMA TRANSACCIÓN
campo de control 20260227172255.0
006 - CÓDIGOS DE INFORMACIÓN DE LONGITUD FIJA--CARACTERÍSTICAS DEL MATERIAL ADICIONAL
campo de control de longitud fija s||||gr|||| 00| 00
008 - DATOS DE LONGITUD FIJA--INFORMACIÓN GENERAL
campo de control de longitud fija 150116t9999 mx r gr 000 0 spa d
020 ## - NÚMERO INTERNACIONAL ESTÁNDAR DEL LIBRO
Número Internacional Estándar del Libro 978-84-19109-18-7
040 ## - FUENTE DE LA CATALOGACIÓN
Centro catalogador/agencia de origen EC-UNACH
Centro/agencia transcriptor EC-UNACH
041 ## - CÓDIGO DE LENGUA
Código de lengua del texto/banda sonora o título independiente spa
082 04 - NÚMERO DE LA CLASIFICACIÓN DECIMAL DEWEY
Número de edición 23
Número de clasificación 330
Número de documento/Ítem L002747 - L016674
100 ## - ENTRADA PRINCIPAL--NOMBRE DE PERSONA
Nombre de persona Henzen, Rozanne
245 ## - MENCIÓN DE TÍTULO
Título Economía circular. Un enfoque práctico para transformar los modelos empresariales
250 ## - MENCIÓN DE EDICIÓN
Mención de edición Primera Edición.
264 ## - Producción, publicación, distribución, fabricación y copyright
Lugar de producción, publicación, distribución, fabricación Barcelona, España
Nombre del de productor, editor, distribuidor, fabricante Alpha Editorial S.A. / ICG Marge SL - MARGE BOOKS
Fecha de de producción, publicación, distribución, fabricación o copyright 2022
264 ## - Producción, publicación, distribución, fabricación y copyright
Lugar de producción, publicación, distribución, fabricación Bogotá, Colombia
Nombre del de productor, editor, distribuidor, fabricante Alpha Editorial S.A. / ICG Marge SL - MARGE BOOKS
Fecha de de producción, publicación, distribución, fabricación o copyright 2022
300 ## - DESCRIPCIÓN FÍSICA
Extensión 404 páginas
Otras características físicas Ilustraciones
Dimensiones 24 centímetros.
505 ## - NOTA DE CONTENIDO CON FORMATO
Nota de contenido con formato ILos autores. -- Agradecimientos. -- Antes de empezar. -- Prólogo. -- Primera parte. La economía circular. 1. El contexto de la circularidad. -- 2. La perspectiva empresarial de la circularidad. -- 3. Más allá de las fronteras de la empresa. -- 4. Circularidad y liderazgo. -- 5. El imperativo circular corporativo (II): relato y cifras. -- Segunda parte. Gestionar la circularidad. 6. Gestionar la circularidad. -- 7. Gestionar la perspectiva empresarial de la circularidad. -- 8. Gestionar la perspectiva más allá de las fronteras de la empresa. -- 9. Gestionar la circularidad desde la perspectiva del liderazgo. -- 10. El imperativo circular corporativo (III): relato y cifras. -- Tercera parte. Imaginar la transformación: de las cadenas de valor lineales a las cadenas de valor circulares. -- 11. El paso de lo lineal a lo circular. -- 12. La transformación desde la perspectiva de la empresa. -- 13. La transformación más allá de las fronteras de la empresa. -- 14. Imaginar la transformación desde la perspectiva del liderazgo. -- 15. Conclusión. El imperativo circular corporativo (IV): relato y cifra. -- Epílogo. -- Apéndice. -- Bibliografía.
650 ## - PUNTO DE ACCESO ADICIONAL DE MATERIA--TÉRMINO DE MATERIA
Término de materia o nombre geográfico como elemento inicial MODELOS EMPRESARIALES
650 ## - PUNTO DE ACCESO ADICIONAL DE MATERIA--TÉRMINO DE MATERIA
Término de materia o nombre geográfico como elemento inicial ESTRATEGIAS CIRCULARES
650 ## - PUNTO DE ACCESO ADICIONAL DE MATERIA--TÉRMINO DE MATERIA
Término de materia o nombre geográfico como elemento inicial DESARROLLO SOSTENIBLE - ECONOMÍA AMBIENTAL
650 ## - PUNTO DE ACCESO ADICIONAL DE MATERIA--TÉRMINO DE MATERIA
Término de materia o nombre geográfico como elemento inicial MODELO DE NEGOCIOS | COLABORACIÓN ENTRE EMPRESAS
650 ## - PUNTO DE ACCESO ADICIONAL DE MATERIA--TÉRMINO DE MATERIA
Término de materia o nombre geográfico como elemento inicial INNOVACIÓN - TRANSFORMACIÓN. LIDERAZGO TRANSFORMACIONAL
700 ## - PUNTO DE ACCESO ADICIONAL--NOMBRE DE PERSONA
Nombre de persona Weenk, Ed
942 ## - ELEMENTOS DE PUNTO DE ACCESO ADICIONAL (KOHA)
Fuente del sistema de clasificación o colocación Clasificación Decimal Dewey
Tipo de ítem Koha Libros
999 ## - NÚMEROS DE CONTROL DE SISTEMA (KOHA)
Koha biblionumber 13476
Holdings
Estado de pérdida Fuente del sistema de clasificación o colocación Estado dañado No para préstamo Localización permanente Ubicación/localización actual Ubicación en estantería Fecha de adquisición Número de inventario Total de préstamos Signatura topográfica completa Código de barras Fecha visto por última vez Número de copia Precio válido a partir de Tipo de ítem Koha Centro de costos
  Clasificación Decimal Dewey     Biblioteca Campus Norte Biblioteca Campus Norte Economía 21/10/2024 38415692   330 HEN L016674 L016674 21/10/2024 01 21/10/2024 Libros  
  Clasificación Decimal Dewey     Biblioteca Campus Norte Biblioteca Campus Norte Administración de Empresas 27/02/2026 332549   330 HEN L002747 L002747 06/04/2026   27/02/2026 Libros  

Powered by Koha